Groups of 6 - Statistics

General Stats
  • This quiz has been taken 97 times
  • The average score is 21 of 36
Answer Stats
Hint Answer % Correct
6 Chess Pieces King
98%
6 Chess Pieces Knight
98%
6 Chess Pieces Queen
98%
6 Countries starting with the letter K Kazakhstan
96%
6 Chess Pieces Pawn
94%
6 Chess Pieces Bishop
92%
6 Chess Pieces Rook
92%
6 Wives of Henry VIII Anne Boleyn
91%
6 Countries starting with the letter K Kenya
89%
6 Countries starting with the letter K Kyrgyzstan
88%
6 Wives of Henry VIII Anne of Cleves
87%
6 Wives of Henry VIII Catherine of Aragon
82%
6 Countries starting with the letter K Kiribati
82%
6 Wives of Henry VIII Catherine Parr
81%
6 Wives of Henry VIII Catherine Howard
80%
6 Countries starting with the letter K Kosovo
79%
6 Countries starting with the letter K Kuwait
78%
6 Wives of Henry VIII Jane Seymour
67%
6 Children of Cronus and Rhea Zeus
56%
6 Children of Cronus and Rhea Poseidon
53%
6 Jumps in Figure Skating Axel
51%
6 Children of Cronus and Rhea Hades
51%
6 Children of Cronus and Rhea Hera
49%
6 Dune Novels Dune
41%
6 Children of Cronus and Rhea Demeter
32%
6 Children of Cronus and Rhea Hestia
22%
6 Dune Novels Dune Messiah
19%
6 Dune Novels Children of Dune
18%
6 Jumps in Figure Skating Flip
16%
6 Jumps in Figure Skating Loop
16%
6 Jumps in Figure Skating Lutz
14%
6 Jumps in Figure Skating Toe Loop
13%
6 Dune Novels God Emperor of Dune
12%
6 Dune Novels Chapterhouse: Dune
9%
6 Dune Novels Heretics of Dune
9%
6 Jumps in Figure Skating Salchow
9%
No matching quizzes found
Score Distribution
Percent of People with Each Score
Percentile by Number Answered
Your Score History
You have not taken this quiz